LEADER 01013nam0 2200277 450 001 000031369 005 20170628110740.0 010 $a978-1-942878-29-2 100 $a20170322d2016----km-y0itay50------ba 101 0 $aeng 102 $aGER 105 $ay-------001yy 200 1 $a3D Apple Games by Tutorials$fChris Language 210 $aGermany$cAmazon Distribution$d2016 215 $a459 p.$cill.$d24 cm. 300 $aIn testa alla copertina: Beginning 3D Apple Game Development with Swift 3 ; Up to date for Ios 10, Xcode 8 & Swift 3 500 10$a3D Apple Games by Tutorials$91473996 532 11$aTre D Apple Games by Tutorials 610 1 $aVideogiochi$aGuide 610 1 $aGiochi elettronici 676 $a794.82$v23$9Giochi elettronici. Giochi con l'elaboratore. Specifici tipi di gioco con l'elaboratore 801 0$aIT$bUNIPARTHENOPE$c20170322$gRICA$2UNIMARC 912 $a000031369 951 $a794-A/1$b46539$cNAVA1$d2017 996 $a3D Apple Games by Tutorials$91473996 997 $aUNIPARTHENOPE